A glossary of computing terms / (Record no. 4743)

MARC details
000 -LEADER
fixed length control field 00811cac a22001931u 4500
090 ## - LOCALLY ASSIGNED LC-TYPE CALL NUMBER (OCLC); LOCAL CALL NUMBER (OCLC)
-- 4743
008 - FIXED-LENGTH DATA ELEMENTS--GENERAL INFORMATION
fixed length control field 081108t1998 xxu||||| |||| 00| 0 eng d
020 ## - INTERNATIONAL STANDARD BOOK NUMBER
International Standard Book Number 0582369673
082 ## - DEWEY DECIMAL CLASSIFICATION NUMBER
Classification number 004.03 21
245 ## - TITLE STATEMENT
Title A glossary of computing terms /
Statement of responsibility, etc edited by The British Computer Society Schools Committee Glossary Working Party.
250 ## - EDITION STATEMENT
Edition statement 9th ed.
260 ## - PUBLICATION, DISTRIBUTION, ETC. (IMPRINT)
Place of publication, distribution, etc Harlow :
Name of publisher, distributor, etc Longman on behalf of the British Computer Society,
Date of publication, distribution, etc 1998.
300 ## - PHYSICAL DESCRIPTION
Extent ix, 374 p. :
Other physical details ill. ;
Dimensions 24 cm.
500 ## - GENERAL NOTE
General note Includes index.
650 ## - SUBJECT ADDED ENTRY--TOPICAL TERM
Topical term or geographic name as entry element Computers -- Dictionaries.
710 ## - ADDED ENTRY--CORPORATE NAME
Corporate name or jurisdiction name as entry element British Computer Society.
Subordinate unit Glossary Working Party.
942 ## - ADDED ENTRY ELEMENTS (KOHA)
Item type Book - Borrowing
Call number prefix 004.03 21
Source of classification or shelving scheme Dewey Decimal Classification
Holdings
Withdrawn status Item status Damaged status Not for loan Home library Current library Shelving location Date acquired Source of acquisition Total Checkouts Total Renewals Full call number Barcode Date last seen Date last borrowed Koha item type
        Central Library Central Library Lower Floor 17/09/2007 Purchase 1 1 004.03 AGL 000005836 15/07/2025 16/03/2010 Book - Borrowing